En xarxa : cinc anys de la XTVL / [direcció de la publicació: Lau Delgado, Marc Melillas, Marta Rosell] cinc anys de la XTVL / [direcció de la publicació:
Descripción Física:
179 p. : il. fot. ; 29 cm
MARC
| LEADER | 00000nam a2200000Ia 4500 | ||
|---|---|---|---|
| 001 | 16789 | ||
| 008 | 160829s2004 xx 000 0 cat d | ||
| 080 | |a C-2-365 | ||
| 245 | |a En xarxa : |b cinc anys de la XTVL / [direcció de la publicació: |b Lau Delgado, Marc Melillas, Marta Rosell] | ||
| 260 | |a Barcelona : |b Xarxa de Televisions Locals : |b Diputació Barcelona, Xarxa de Municipis, |c 2004 | ||
| 300 | |a 179 p. : |b il. fot. ; |c 29 cm | ||
| 590 | |a Inclou mapa de televisions adherides a la XTVL (maig 2004). | ||
| 590 | |a Inclou traduccions en castellà i anglès | ||
| 610 | 1 | 0 | |a Xarxa de Televisions Locals |9 52749 |
| 650 | |a Televisió local |x Catalunya |9 27321 | ||
| 650 | |a Programes de televisió |x Catalunya |9 27322 | ||
| 700 | 1 | |a Delgado, Lau |9 27323 | |
| 700 | |a Melillas, Marc, dir. |9 27324 | ||
| 700 | |a Rosell, Marta, dir. I |9 27325 | ||
| 710 | 1 | |a Xarxa de Televisions Locals |9 52749 | |
| 710 | 1 | |a Barcelona (Catalunya : Província). |b Diputació |9 52408 | |
| 901 | |a Arxiu | ||
| 942 | |n 1 | ||
| 952 | |0 0 |1 0 |4 0 |6 C2365 |7 1 |9 44350 |a Arxiu |b Arxiu |d 2016-12-01 |l 0 |o C-2-365 |p 16789 |r 2016-12-01 00:00:00 |w 2016-12-01 |y ARXIU | ||
| 999 | |c 46931 |d 46931 | ||